000 nam a22 7a 4500
999 _c10693
_d10693
008 180220b ||||| |||| 00| 0 eng d
100 _aGupta,AD.
_96561
245 _aJunior Maths-3
260 _aNew Delhi
_bBharati Bhawan